000 00660nam a2200229Ia 4500
003 OSt
005 20220926042228.0
006 a|||||r|||| 00| 0
007 ta
008 220923b |||||||| |||| 00| 0 eng d
037 _cGeneral Book
040 _aRTL
_cRTL
_beng
041 _2eng
_aeng
082 _aT4(X9:8).73.N5, J9-J9;2
100 _aPierson Frank C.
_9345953
245 0 _aEducation of American businessmen
260 _c1959
490 _aCarnegie Series In American Education
650 _aEudcation - University
_9230432
942 _hT4(X9:8).73.N5, J9-J9;2
_cGB
_2CC
999 _c669152
_d669152